Statistics for NBA Basketball Word Chain

Click here to take the quiz!

General Stats

  • This quiz has been taken 11,614 times
  • The average score is 15 of 21

Answer Stats

Hint Answer % Correct
Olajuwon's first nameHakeem
93%
State where the Thunder playOklahoma
92%
Player known as Dr. JErving
91%
DeAndre Jordan's favorite type of shotDunk
83%
He wagged his finger after blocking shotsMutombo
81%
Team that once played in VancouverGrizzlies
81%
Spud's last nameWebb
80%
GinĂ³bili's home countryArgentina
78%
Last name of Emeka and JahlilOkafor
77%
Iverson's nickname: The _______Answer
76%
Nothing but netSwish
73%
Owner of the MavericksCuban
72%
College that has sent the most
players to the NBA
Kentucky
72%
Cheryl Miller's brotherReggie
72%
One of two Wallaces on the 2004 PistonsRasheed
71%
Last name of Larry and Larry Jr.Nance
71%
Former Nets star with 107 triple-doublesKidd
67%
#1 draft pick for the Rockets in 2002Yao
62%
Shot that hits the rim but doesn't go inBrick
62%
Location at either end of the free throw lineElbow
33%
Serbian who played from 1989-2005Divac
33%

Score Distribution

Percentile by Number Answered

Percent of People with Each Score

Your Score History

You have not taken this quiz